¿Saltar al reino de la libertad? (Record no. 81377)

MARC details
000 -CABECERA
campo de control de longitud fija 00592nam a2200193 a 4500
005 - FECHA Y HORA DE LA ÚLTIMA TRANSACCIÓN
campo de control 20240911064752.0
008 - ELEMENTOS DE LONGITUD FIJA--INFORMACIÓN GENERAL
campo de control de longitud fija 010604s1988 mx r 000 0 spa d
020 ## - NÚMERO INTERNACIONAL NORMALIZADO PARA LIBROS
Número Internacional Estándar del Libro 9682314437
035 ## - NÚMERO DE CONTROL DEL SISTEMA
Número de control de sistema UPN01000107465
049 ## - COLECCIÓN
Colección CG
050 #4 - SIGNATURA TOPOGRÁFICA DE LA BIBLIOTECA DEL CONGRESO
Número de clasificación HX73
Número de documento/Ítem S2.7
100 1# - ASIENTO PRINCIPAL--NOMBRE PERSONAL
Nombre de persona Salazar Valiente, Mario
245 10 - MENCIÓN DE TÍTULO
Título ¿Saltar al reino de la libertad?
Mención de responsabilidad, etc. por Mario Salazar Valiente
260 ## - PUBLICACIÓN, DISTRIBUCIÓN, ETC.
Lugar de publicación, distribución, etc. México :
Nombre del editor, distribuidor, etc. UNAM, Facultad de Ciencias Políticas y Sociales :
-- Siglo XXI,
Fecha de publicación, distribución, etc. 1988.
300 ## - DESCRIPCIÓN FÍSICA
Extensión 2 v.
505 0# - NOTA DE CONTENIDO CON FORMATO PREESTABLECIDO
Nota de contenido con formato v.1: Crítica de la transición al comunismo
650 #4 - ASIENTO SECUNDARIO DE MATERIA - TERMINO TEMATICO
Término de materia o nombre geográfico como elemento de entrada Comunismo
9 (RLIN) 6792
905 ## - TIPO DE MATERIAL
Tipo de material Libro
Holdings
Estado de retiro Estado de pérdida Fuente del sistema de clasificación o colocación Estado dañado No para préstamo Código de colección Localización permanente Ubicación/localización actual Ubicación en estantería Total de préstamos Clasificación Código de barras Fecha visto por última vez Número de copia Tipo de ítem Koha Fecha de adquisición Renovaciones totales Fecha del último préstamo
    Library of Congress Classification     Colección General Bib. Gregorio Torres Quintero Bib. Gregorio Torres Quintero Planta baja   HX73 S2.7 166824 31/12/2020 1 Libro      
    Library of Congress Classification     Colección General Bib. Gregorio Torres Quintero Bib. Gregorio Torres Quintero Planta baja 1 HX73 S2.7 166825 06/12/2022 1 Libro 14/11/2022 1 14/11/2022
    Library of Congress Classification     Colección General Bib. Gregorio Torres Quintero Bib. Gregorio Torres Quintero Planta baja 2 HX73 S2.7 166826 21/10/2022 1 Libro 12/09/2022 2 12/09/2022